00618 2200193 4500001002100000005001700021008004100038035002400079040001200103082001100115084002100126110003800147245011900185260004300304300002900347650001500376850001200391990002100403YOGYA-0511000000199620170405150741.0 ind  0010-051100000001995 aYOPDYOG a338.16 aDEP 338.16 Kan S aKANTOR STATISTIK BPS (Yogyakarta) aStruktur ongkos usaha tani padi dan palawijab: cost structure of farms paddy and palawijac/ Kantor Statistik BPS aYogyakartabKantor Statistik BPSc1994 aiii, 59 lembar.c; 28cm. aUsaha tani aYOPDYOG aCB-D.11/1994-224